Hawke's war. #2 / Reavis Z. Wortham.
Available copies
- 2 of 2 copies available at LARL/NWRL Consortium.
Current holds
0 current holds with 2 total copies.
Show Only Available Copies
| Location | Call Number / Copy Notes | Barcode | Shelving Location | Status | Due Date |
|---|---|---|---|---|---|
| Crookston Public Library | CD TALKING BOOK W WOR (Text) | 33500012765251 | Main | Available | - |
| Moorhead Public Library | CD TALKING BOOK W WOR (Text) | 33500012765269 | Main | Available | - |
Record details
- ISBN: 9781501957758
- ISBN: 1501957759
- Physical Description: 8 audio discs (9 hr.) : digital ; 4 3/4 in.
- Edition: Unabridged.
- Publisher: Prince Frederick, Md. : Recorded Books, [2018]
- Copyright: ℗2018
Content descriptions
| General Note: | In container (17 cm.). Title from container. Compact disc. |
| Participant or Performer Note: | Narrated by René Ruiz and Jeffrey Brick. |
| Summary, etc.: | When Texas Ranger Sonny Hawke investigates a ... Read More |
Search for related items by subject
| Genre: | Audiobooks. Thrillers (Fiction) Audiobooks. Fiction. Thrillers (Fiction) Audiobooks. Suspense fiction. |
Search for related items by series
| LDR | 03221cim a2200841Mi 4500 | ||
|---|---|---|---|
| 001 | 295535 | ||
| 003 | LARL_NWRL_CONSORTIUM | ||
| 005 | 20180820161541.0 | ||
| 008 | 121004s2018 mdunnnn z n eng d | ||
| 007 | sd fungnnmmned | ||
| 040 | . | ‡aRECBC ‡beng ‡erda ‡cRECBC ‡dOCLCO ‡dOCLCQ ‡dOCLCO ‡dOCLCF ‡dZAC ‡dT3L | |
| 020 | . | ‡a9781501957758 | |
| 020 | . | ‡a1501957759 | |
| 028 | 0 | 2. | ‡aCS0476 ‡bRecorded Books |
| 035 | . | ‡a(OCoLC)1039479635 | |
| 043 | . | ‡an-us-tx | |
| 082 | 0 | 4. | ‡a813/.6 ‡223 |
| 100 | 1 | . | ‡aWortham, Reavis Z., ‡eauthor. ‡0(LARL_NWRL_CONSORTIUM)223523 |
| 245 | 1 | 0. | ‡aHawke's war. ‡n#2 / ‡cReavis Z. Wortham. |
| 250 | . | ‡aUnabridged. | |
| 264 | 1. | ‡aPrince Frederick, Md. : ‡bRecorded Books, ‡c[2018] | |
| 264 | 4. | ‡c℗2018 | |
| 300 | . | ‡a8 audio discs (9 hr.) : ‡bdigital ; ‡c4 3/4 in. | |
| 336 | . | ‡aspoken word ‡bspw ‡2rdacontent | |
| 337 | . | ‡aaudio ‡bs ‡2rdamedia | |
| 338 | . | ‡aaudio disc ‡bsd ‡2rdacarrier | |
| 344 | . | ‡adigital ‡boptical ‡c1.4 m. per second ‡hDigital recording ‡2rda | |
| 347 | . | ‡aaudio file ‡bCD audio ‡2rda | |
| 490 | 0 | . | ‡aSonny Hawke ; ‡v2 |
| 500 | . | ‡aIn container (17 cm.). | |
| 500 | . | ‡aTitle from container. | |
| 500 | . | ‡aCompact disc. | |
| 511 | 0 | . | ‡aNarrated by René Ruiz and Jeffrey Brick. |
| 520 | . | ‡aWhen Texas Ranger Sonny Hawke investigates a sniper ambushing four hikers in West Texas's Big Bend National Park, he gets caught in the same sniper's crosshairs. | |
| 610 | 2 | 0. | ‡aTexas Rangers ‡vFiction. |
| 650 | 0. | ‡aMurder ‡xInvestigation ‡vFiction. ‡0(LARL_NWRL_CONSORTIUM)166203 | |
| 650 | 0. | ‡aOrganized crime ‡vFiction. ‡0(LARL_NWRL_CONSORTIUM)166507 | |
| 650 | 0. | ‡aDrug traffic ‡vFiction. ‡0(LARL_NWRL_CONSORTIUM)164541 | |
| 650 | 0. | ‡aHuman trafficking ‡vFiction. | |
| 650 | 0. | ‡aSmuggling ‡vFiction. ‡0(LARL_NWRL_CONSORTIUM)167284 | |
| 650 | 0. | ‡aCartels ‡vFiction. | |
| 651 | 0. | ‡aBig Bend National Park (Tex.) ‡vFiction. | |
| 651 | 0. | ‡aTexas ‡vFiction. ‡0(LARL_NWRL_CONSORTIUM)167647 | |
| 650 | 7. | ‡aFICTION ‡xThrillers ‡xGeneral. ‡2bisacsh | |
| 650 | 7. | ‡aDrug traffic. ‡2fast ‡0(LARL_NWRL_CONSORTIUM)36372 | |
| 650 | 7. | ‡aHuman trafficking. ‡2fast ‡0(LARL_NWRL_CONSORTIUM)162554 | |
| 650 | 7. | ‡aMurder ‡xInvestigation. ‡2fast ‡0(LARL_NWRL_CONSORTIUM)26286 | |
| 650 | 7. | ‡aOrganized crime. ‡2fast ‡0(LARL_NWRL_CONSORTIUM)177763 | |
| 651 | 7. | ‡aTexas ‡zBig Bend National Park. ‡2fast | |
| 650 | 4. | ‡aHuman trafficking ‡vFiction. | |
| 650 | 4. | ‡aDrug traffic ‡vFiction. ‡0(LARL_NWRL_CONSORTIUM)164541 | |
| 650 | 4. | ‡aOrganized crime ‡vFiction. ‡0(LARL_NWRL_CONSORTIUM)166507 | |
| 650 | 4. | ‡aMurder ‡xInvestigation ‡vFiction. ‡0(LARL_NWRL_CONSORTIUM)166203 | |
| 651 | 4. | ‡aBig Bend National Park (Tex) ‡vFiction. | |
| 655 | 7. | ‡aAudiobooks. ‡2lcgft ‡0(LARL_NWRL_CONSORTIUM)175801 | |
| 655 | 7. | ‡aThrillers (Fiction) ‡2lcgft | |
| 655 | 7. | ‡aAudiobooks. ‡2fast ‡0(LARL_NWRL_CONSORTIUM)175801 | |
| 655 | 7. | ‡aFiction. ‡2fast | |
| 655 | 7. | ‡aThrillers (Fiction) ‡2fast | |
| 655 | 4. | ‡aAudiobooks. ‡0(LARL_NWRL_CONSORTIUM)175801 | |
| 655 | 4. | ‡aSuspense fiction. | |
| 700 | 1 | . | ‡aRuiz, René, ‡enarrator. |
| 700 | 1 | . | ‡aBrick, Jeffrey, ‡enarrator. ‡0(LARL_NWRL_CONSORTIUM)214244 |
| 710 | 2 | . | ‡aRecorded Books, Inc. ‡0(LARL_NWRL_CONSORTIUM)139168 |
| 856 | 4 | . | ‡3RBMedia ‡uhttp://d2cv0ie6dlin9h.cloudfront.net/CS0476/CS0476_image_148x230.jpg |
| 856 | 4 | . | ‡3recordedbooks.com ‡uhttps://www.recordedbooks.com/title-details/9781501957758 |
| 901 | . | ‡a295535 ‡b ‡c295535 ‡tbiblio | |

Add to basket
Permalink
Disable Highlighting